Preocupaciones internacionales en torno al menor (Record no. 75883)
[ view plain ]
| 000 -LEADER | |
|---|---|
| campo de control de longitud fija | 00827nam a2200181 i 4500 |
| 001 - NÚMERO DE CONTROL | |
| campo de control | 75883 |
| 003 - IDENTIFICADOR DE NÚMERO DE CONTROL | |
| campo de control | ES-MaACL |
| 005 - FECHA Y HORA DE LA ÚLTIMA TRANSACCIÓN | |
| campo de control | 20230906172635.0 |
| 007 - CAMPO FIJO DE DESCRIPCIÓN FÍSICA--INFORMACIÓN GENERAL | |
| campo de control de longitud fija | t| |
| 008 - DATOS DE LONGITUD FIJA--INFORMACIÓN GENERAL | |
| campo de control de longitud fija | 040928q1950 sp ||||1| spa d |
| 100 1# - ENTRADA PRINCIPAL--NOMBRE DE PERSONA | |
| Nombre de persona | Guallart y López de Goicoechea, José. |
| 9 (RLIN) | 60297 |
| 245 10 - MENCIÓN DEL TÍTULO | |
| Título | Preocupaciones internacionales en torno al menor |
| Resto del título | : ponencia a la XIII Asamblea General de la Unión Nacional de Tribunales Tutelares de Menores, Valencia, mato de 1950 / |
| Mención de responsabilidad, etc. | José Guallart y López de Goicoechea. |
| 260 ## - PUBLICACIÓN, DISTRIBUCIÓN, ETC. | |
| Lugar de publicación, distribución, etc. | Zaragoza : |
| Nombre del editor, distribuidor, etc. | Tribunal Tutelar de Menores, |
| Fecha de publicación, distribución, etc. | [1950?] ( |
| Fabricante | Noticiero) |
| 300 ## - DESCRIPCIÓN FÍSICA | |
| Extensión | 25 p. ; |
| Dimensiones | 21 cm. |
| 710 2# - ENTRADA AGREGADA--NOMBRE DE ENTIDAD CORPORATIVA | |
| Nombre de entidad corporativa o nombre de jurisdicción como elemento de entrada | Tribunal Tutelar de Menores (Zaragoza) |
| 9 (RLIN) | 6988 |
| 711 2# - ENTRADA AGREGADA--NOMBRE DE REUNIÓN | |
| Nombre de congreso/reunión o jurisdicción como elemento de entrada | Asamblea General de la Unión Nacional de Tribunales Tutelares de Menores ( |
| Número del congreso/reunión o número de parte o sección | 13ª. |
| Fecha del congreso o de la firma del tratado | 1950. |
| Sede del congreso/Lugar de la reunión | Valencia) |
| 9 (RLIN) | 25 |
| 852 ## - LOCALIZACIÓN | |
| Ubicación | ES-MaACL |
| Número de control de estantería | 1922-F-8 |
| Sublocalización o colección | R.30348 |
| Estatus retirado | Estado de pérdida | Estado de daño | No para préstamo | Colección | Biblioteca de origen | Biblioteca actual | Ubicación en estantería | Fecha de adquisición | Fuente de adquisición | Total de préstamos | Signatura topográfica completa | Código de barras | Visto por última vez | Precio de reemplazo | Tipo de ítem Koha |
|---|---|---|---|---|---|---|---|---|---|---|---|---|---|---|---|
| Colección de folletos | Biblioteca del Ateneo de Madrid | Biblioteca del Ateneo de Madrid | Depósito folletos | 17/01/2008 | 1922-F-8 | 1079421 | 23/02/2023 | 23/02/2023 | Folleto |
